000 00912nas a2200277 4500
001 BR2015004854
003 BR-BrBNA
005 20231205125643.0
007 ta
008 230509b bl.|||p| |||| 00| 00por d
040 _aBR-BrBNA
_bpor
_cBiblioteca Nacional de Agricultura
041 _a(Pt)
072 _aL02; P36
100 1 _aRodrigues, R.C.
100 1 _aMattos, H.B
100 1 _aAndreotti, N.F.
100 1 _aPereira, W.L.M.
100 1 _aSantos, A.L. dos
245 1 _aPerfilhamento do capim-braquiária cultivado em solo proveniente de uma pastagem degradada em função de doses de enxofre, nitrogênio e calcário
650 _aCAPIM BRAQUIÁRIA
650 _aPASTAGEM CULTIVADA
650 _aADUBAÇÃO
773 0 _tBoletim de Indústria Animal (Brazil)
_xISSN 0067-9615
_g(2004), v.61(1) p. 39-47
_wBR2015004854
909 _a202311
_bLúcia
_c55
_dLúcia Elande
942 _2AGRIS
_n0
_cANA
999 _c245399
_d245399